00997naa a22002297a 4500001001000000003000900010005001700019007000300036008003400039040005400073041000900127072002000136100001800156111007900174245006700253260004100320500025700361650001100618650001900629650001900648773010000667BR8706766BR-BrBNA20240918175855.0ta230509b bl.||||| |||| 00| 0 por d aBR-BrBNAbporcBiblioteca Nacional de Agricultura a(Pt) aP07b8905bG5141 aMilioli, V.A.1 aSeminario sobre Tecnologia do CarvaocFlorianopolis, SC (Brazil)dSep 19811 aProducao e beneficiamento do carvao em Santa Catarina [Brasil]3 aFlorianopolis, SC (Brasil): c1981.  aSeminario sobre Tecnologia do Carvao Florianopolis, SC (Brasil): 1981. p. 27-50 (BR8706766-AM)P07 A monografia está disponível na(o)5 tables; 6 illus. *Universidade Federal de Santa Catarina. Florianopolis, SC (Brazil). Centro de Ciencias Agrarias  aCARVAO aBENEFICIAMENTO aSANTA CATARINA0 tSeminario sobre Tecnologia do CarvaowP07 BR8706766gFlorianopolis, SC (Brasil), 1981. p. 27-50